000 00443 a2200157 4500
020 _a978-1-59059-373-8
040 _aDLC
_bDLC
100 1 _aCook, David
245 1 0 _aIntermediate robot building
_cDavid Cook
260 _aBerkeley, Calif. :
_bApress,
_ccop. 2004
300 _axxii, 442 s. :
_bill.
440 0 _aTechnology in action series
650 0 _aRobots
_xDesign and construction.
650 0 _aRobotics
942 _cBK
_k629.892 COO
_2ddc
999 _c8699
_d8699